000 00894nam a22002417a 4500
999 _c12906
_d12906
003 AR-CdUCM
008 190410b ||||| |||| 00| 0 spa d
040 _aMUNICIPALIDAD PROVINCIAL DEL CUSCO
_cBIBLIOTECA MUNICIPAL DEL CUSCO
082 _aC / 305.8 /
_bK17
100 _aKapsoli Escudero, Wilfredo
_91378
245 _aEl pensamiento de la Asociación Proindígena /
260 _aCusco :
_bCentro de Estudios Rurales Andinos "Bartolomé de las Casas",
_c1980.
300 _a151 páginas ;
_bIlustraciones, retretes,
_c21 cm.
440 _aDebates Rurales
_n3
_931033
505 _aContenido: Los Actores -- El pensamiento -- Notas Finales.
650 _aIndígenas del Perú
_95715
650 _aCondiciones sociales
_91132
650 _aHistoria social
_92972
650 _aPerú
_935
650 _aVida y costumbres sociales
_9857
942 _2ddc
_cLIBROS
945 _acmm
_d2019-04-10